Formel 1 Podium 1967 - Statistiken

Allgemein
  • Dieses Quiz wurde 40 mal gespielt
  • Das Durchschnittsergebnis liegt bei 7 aus 10
Antwortstatistiken
Antwort % Korrekt
Jackie Stewart
96%
Denny Hulme
92%
Graham Hill
92%
Jack Brabham
88%
Jim Clark
83%
John Surtees
71%
Dan Gurney
50%
Pedro Rodriguez
50%
Chris Amon
25%
John Love
13%
Keine übereinstimmenden Quizze gefunden
Verteilung der Resultate
Anzahl Personen mit jedem Resultat
Perzentil nach korrekt beantworteten Fragen
Ihre Resultats-Entwicklung
Sie haben dieses Quiz noch nicht gespielt